000 01645nam2a22002291 4500
001 rc\3333473
005 20250609181326.0
035 _a(NLR Aleph) 007426720
090 _a6973020
_c6973020
100 _a20130115d1971 |||y0rusy50 ca
101 0 _arus
102 _aRU
105 _aa z |||||
200 0 _aЧ. 1
210 _d1971
_aБ. м.
215 _a116 с.
_cчерт.
461 0 _1001rc\3333472
_12001#$aТехнология и качество зубчатых и червячных передач$eТруды всесоюз. совещ. "Технология и качество зубчатых и червячных передач". Ереван, дек. 1971 г.$f[Отв. ред. Э.Л. Айрапетов]$gЦентр. правл. Науч.-техн. о-ва машиностроит. пром-сти. Арм. респ. правл. Науч.-техн. о-ва машиностроит. пром-сти. Закавк. филиал Эксперим. науч.-исслед. ин-та металлорежущих станков. Ереван. политехн. ин-т. Гос. науч.-исслед. ин-т машиноведения. Ч. 1-$vЧ. 1
_96973012
_cЕреван
_d1971-
_f[Отв. ред. Э.Л. Айрапетов]
_nБ. и.
_oТруды всесоюз. совещ. "Технология и качество зубчатых и червячных передач". Ереван, дек. 1971 г.
_tТехнология и качество зубчатых и червячных передач
_vЧ. 1
801 0 _aRU
_bNLR
_gpsbo
801 1 _aRU
_bELAR
_2rusmarc
852 _aNLR
_jDesideratum
942 _cBOOK
980 _aNB